00760nam a22002057a 450000500170000001000150001702000260003203500130005803700130007108200150008410000200009924500680011926000540018727000640024130000250030550000500033094200290038099900170040995201280042620131217150014.0 aENG-108842 a9789381176382c995.00 aEN-92375 bDBAD/PUB a332.170954 aNayak, Niranjan aEmerging scenario of Indian banking sector /cby Niranjan Nayak aNew DelhibSSDN Publishers and Distributorsc2012 a5A, Sahni Mansion, Ansari Road DaryaganjbNew Delhie110002 axiii,349p.c22cm(Hb) aIncludes bibliographical references and index 2ddccENmNAYh332.170954 c81182d81182 001040718NFICaDBADbDBADd2013-12-17eDBAD/PUBg995.00l0o332.170954 NAYpEN-92375r2013-12-17 00:00:00t1v995.00yEN